Mixed Doubles World Curling Championship Winners - Statistics

General Stats
  • This quiz has been taken 8 times
  • The average score is 6 of 7
Answer Stats
Winner % Correct
Sweden
100%
Switzerland
100%
Russia
88%
Scotland
88%
United States
88%
Italy
75%
Hungary
63%
No matching quizzes found
Score Distribution
Percent of People with Each Score
Percentile by Number Answered
Your Score History
You have not taken this quiz